LEADER 01575nam a2200361 a 4500 001 000000158049 003 CaOOAMICUS 005 20170123104231.0 008 170123s2016 it u000 u ita r 020 $a978-88-215-9832-6* 032 $aLibriCat 040 $aPUL$bita 041 1 $aita$hrus 082 04$a210 100 1 $aFlorenskij, Pavel Aleksandrovi?,$d1882-1937.$0(OLS)http://pul/name/12952 240 10$aFilosofija kul?ta.$lItaliano.$0(OLS)http://pul/title/197649 245 13$aLa filosofia del culto /$cPavel A. Florenskij ; a cura di Natalino Valentini ; traduzione di Leonardo Marcello Pignataro. 260 $aCinisello Balsamo :$bSan Paolo,$c2016. 300 $a596 p. ;$c21 cm. 490 1 $aClassici del pensiero cristiano ;$v21 504 $aBibliografia in nota. 650 4$aFilosofia della religione.$0(OLS)http://pul/subject/120 700 1 $aPignataro, Leonardo Marcello.$0(OLS)http://pul/name/100924 700 1 $aValentini, Natalino,$d1960-$0(OLS)http://pul/name/28421 830 0$aClassici del pensiero cristiano ;$v21.$0(OLS)http://pul/title/69849 850 $aPUL 852 $aPUL$W1$xSL Religione 3$y85$m210 FLOPA 1$j181377$qDDC 21$B184518$CPULBib$Z2$F184518 $H128688 $81 941 1 $a9 996 $6020$a978-88-215-9832-6*$9(OLS)http://pul/number/161831 996 $6082$a210$9(OLS)http://pul/classification/1731 996 $6245$aLa filosofia del culto$9(OLS)http://pul/title/197650 996 $6260$aCinisello Balsamo :$bSan Paolo$9(OLS)http://pul/publisher/54577 LEADER 01809nam a2200361 a 4500 001 000000174427 003 CaOOAMICUS 005 20210412154710.0 008 210412s2020 it u000 u ita r 020 $a978-88-6788-230-4* 032 $aLibriCat 040 $aPUL$bita 082 04$a189 100 1 $aPinna, Samuele,$csac.$0(OLS)http://pul/name/97662 245 03$aIl desiderio di vedere Dio :$bamore e misericordia in Dante / $cSamuele Pinna ; presentazione di Franco Nembrini. 260 $aRoma :$bAteneo Pontificio Regina Apostolorum,$cİ2020$aRoma :$bIF Press 300 $a317 p. ;$c24 cm 490 1 $aRicerche di storia della filosofia e teologia medioevali ;$v17 504 $aBibliografia in nota e a pp. 285-297. 600 04$aDante Alighieri,$d1265-1321$xTeologia.$0(OLS)http://pul/subject/40591 650 4$aFilosofia cristiana$yEvo medio.$0(OLS)http://pul/subject/5142 650 4$aTeologia medievale.$0(OLS)http://pul/subject/885 710 0 $aAteneo Pontificio Regina Apostolorum. $bCattedra Marco Arosio di alti studi medievali.$0(OLS)http://pul/name/110820 830 0$aRicerche di storia della filosofia e teologia medioevali ;$v17.$0(OLS)http://pul/title/202100 850 $aPUL 852 $aPUL$W1$xSL Filosofia 3$y81$m189 PINSA 2$j198742$qDDC 21$B203357$CPULBib$Z2$F203357 $H134902 $82 941 1 $a9 996 $6020$a978-88-6788-230-4*$9(OLS)http://pul/number/168118 996 $6082$a189$9(OLS)http://pul/classification/439 996 $6245$aIl desiderio di vedere Dio :$bamore e misericordia in Dante / $9(OLS)http://pul/title/215697 996 $6260$aRoma :$bAteneo Pontificio Regina Apostolorum$9(OLS)http://pul/publisher/74684 996 $6260$aRoma :$bIF Press$9(OLS)http://pul/publisher/83036